000 00890nam a2200181 a 4500
001 000034561
005 20200930073752.0
008 111006s1771 br 000 0 spa d
040 _aDO-SdBNP
_bspa
_cBNPHU
041 1 7 _aspa
_bfren
100 1 _aPufendorf, Samuel, Freiherr von,
_d1632-1694.
_959996
245 1 3 _aLe droit de la nature et des gens : Ou, Système général des principes les plus importants de la morale, de la jurisprudence et de la politique /
_ctraduit du latin de feu Mr. Le Baron de Pufendorf par Jean de Barbeyrac ... avec des notes du traducteur et une préface qui sert d'introduction à tout l'ouvrage.
246 1 4 _aSysteme general des principes le plus importans de la morale, de la jurisprudence, et de la politique
260 _a[Berlin] :,
_c1771.
300 _av. ;
_c28 cm.
500 _aLa biblioteca posee el v. 2
700 1 _aBarbeyrac, Jean,
_etr.
_959997
999 _c34052
_d34052